<?xml version="1.0" encoding="UTF-8"?>
<collection xmlns="http://www.loc.gov/MARC21/slim">
 <record>
  <leader>01123nam a2200301 a 4500</leader>
  <controlfield tag="001">12906424</controlfield>
  <controlfield tag="003">BD-DhAAL</controlfield>
  <controlfield tag="008">091123s2003    enka          001 0 eng d</controlfield>
  <datafield tag="999" ind1=" " ind2=" ">
   <subfield code="c">5809</subfield>
   <subfield code="d">5809</subfield>
  </datafield>
  <datafield tag="010" ind1=" " ind2=" ">
   <subfield code="a">\\2002031813</subfield>
  </datafield>
  <datafield tag="020" ind1=" " ind2=" ">
   <subfield code="a">0415267838</subfield>
  </datafield>
  <datafield tag="020" ind1=" " ind2=" ">
   <subfield code="a">0415267846</subfield>
  </datafield>
  <datafield tag="020" ind1=" " ind2=" ">
   <subfield code="a">0415084253 (pbk.)</subfield>
  </datafield>
  <datafield tag="040" ind1=" " ind2=" ">
   <subfield code="a">DLC</subfield>
   <subfield code="c">DLC</subfield>
   <subfield code="d">DLC</subfield>
   <subfield code="d">BD-DhAAL</subfield>
  </datafield>
  <datafield tag="082" ind1="0" ind2="0">
   <subfield code="a">510</subfield>
   <subfield code="2">21</subfield>
  </datafield>
  <datafield tag="100" ind1="1" ind2=" ">
   <subfield code="a">Rosser, M. J.,</subfield>
   <subfield code="d">1949-</subfield>
   <subfield code="9">29122</subfield>
  </datafield>
  <datafield tag="245" ind1="1" ind2="0">
   <subfield code="a">Basic mathematics for economists /</subfield>
   <subfield code="c">Mike Rosser</subfield>
  </datafield>
  <datafield tag="250" ind1=" " ind2=" ">
   <subfield code="a">2nd edition</subfield>
  </datafield>
  <datafield tag="260" ind1=" " ind2=" ">
   <subfield code="a">London ;</subfield>
   <subfield code="a">New York :</subfield>
   <subfield code="b">Routledge,</subfield>
   <subfield code="c">2003.</subfield>
  </datafield>
  <datafield tag="300" ind1=" " ind2=" ">
   <subfield code="a">x, 530 pages :</subfield>
   <subfield code="b">illustrations ;</subfield>
   <subfield code="c">24 cm.</subfield>
  </datafield>
  <datafield tag="504" ind1=" " ind2=" ">
   <subfield code="a">Includes index.</subfield>
  </datafield>
  <datafield tag="541" ind1="1" ind2=" ">
   <subfield code="e">00015924</subfield>
  </datafield>
  <datafield tag="650" ind1=" " ind2="0">
   <subfield code="a">Economics, Mathematical.</subfield>
   <subfield code="9">29123</subfield>
  </datafield>
  <datafield tag="650" ind1=" " ind2="0">
   <subfield code="a">Business mathematics.</subfield>
   <subfield code="9">29124</subfield>
  </datafield>
  <datafield tag="852" ind1="4" ind2=" ">
   <subfield code="a">Ayesha Abed Library</subfield>
   <subfield code="j">General shelf</subfield>
  </datafield>
  <datafield tag="942" ind1=" " ind2=" ">
   <subfield code="2">ddc</subfield>
   <subfield code="c">BK</subfield>
  </datafield>
  <datafield tag="952" ind1=" " ind2=" ">
   <subfield code="0">0</subfield>
   <subfield code="1">0</subfield>
   <subfield code="2">ddc</subfield>
   <subfield code="4">0</subfield>
   <subfield code="6">510_ROS</subfield>
   <subfield code="7">0</subfield>
   <subfield code="9">5768</subfield>
   <subfield code="a">BRACUL</subfield>
   <subfield code="b">BRACUL</subfield>
   <subfield code="c">GEN</subfield>
   <subfield code="d">2009-11-23</subfield>
   <subfield code="g">1950.00</subfield>
   <subfield code="l">8</subfield>
   <subfield code="m">84</subfield>
   <subfield code="o">510 ROS</subfield>
   <subfield code="p">3010015924</subfield>
   <subfield code="r">2025-10-15</subfield>
   <subfield code="s">2025-10-08</subfield>
   <subfield code="t">2</subfield>
   <subfield code="w">2009-11-23</subfield>
   <subfield code="y">BK</subfield>
  </datafield>
  <datafield tag="952" ind1=" " ind2=" ">
   <subfield code="0">0</subfield>
   <subfield code="1">0</subfield>
   <subfield code="2">ddc</subfield>
   <subfield code="4">0</subfield>
   <subfield code="6">510_ROS</subfield>
   <subfield code="7">0</subfield>
   <subfield code="9">5769</subfield>
   <subfield code="a">BRACUL</subfield>
   <subfield code="b">BRACUL</subfield>
   <subfield code="c">GEN</subfield>
   <subfield code="d">2009-11-23</subfield>
   <subfield code="g">1950.00</subfield>
   <subfield code="l">5</subfield>
   <subfield code="m">19</subfield>
   <subfield code="o">510 ROS</subfield>
   <subfield code="p">3010015923</subfield>
   <subfield code="r">2020-01-26</subfield>
   <subfield code="s">2020-01-21</subfield>
   <subfield code="t">1</subfield>
   <subfield code="w">2009-11-23</subfield>
   <subfield code="y">BK</subfield>
  </datafield>
 </record>
</collection>
